000 00315nam a2200121 a 4500
005 20140414093835.0
008 090121s19uu xx uuu eng d
050 _aCDR 519.5
_bMAT 1996
245 _aThe Math Resource Center :
_bStatistics.
650 _aStatistics
_xInteraction.
942 _cAVM
999 _c108988
_d108988